[Event "Asia-ch Amateur"]
[Site "Muscat"]
[Date "2022.09.29"]
[Round "1"]
[White "Salim Issa, Ali Shamas"]
[Black "Aubrey Armstrong, A."]
[Result "1-0"]
[WhiteElo "1886"]
[BlackElo "1370"]
[PlyCount "101"]
[EventDate "2022.09.29"]
[EventType "swiss"]
[EventRounds "9"]
[EventCountry "OMN"]
[SourceTitle "CBM 210 Extra"]
[Source "ChessBase"]
[SourceDate "2022.11.30"]
[SourceVersion "1"]
[SourceVersionDate "2022.11.30"]
[SourceQuality "1"]

1. d4 Nf6 2. c4 g6 3. Nf3 Bg7 4. Nc3 0-0 5. e4 d6 6. Be2 e5 7. dxe5 dxe5 8. Qxd8 Rxd8 9. Bg5 Re8 10. 0-0 c6 11. Rfd1 Be6 12. c5 Nbd7 13. b4 h6 14. Bh4 g5 15. Bg3 Nh7 16. a3 f5 17. exf5 Bxf5 18. Rac1 Rad8 19. Nd2 Bg6 20. Nde4 Bxe4 21. Nxe4 Bf8 22. Bh5 Re7 23. Bg6 Bg7 24. Rd6 Nhf8 25. Bf5 Rde8 26. Rcd1 Nb8 27. Rd8 Na6 28. Bg4 Nc7 29. Bh5 Rxd8 30. Rxd8 Nce6 31. Ra8 b6 32. cxb6 axb6 33. h4 Rc7 34. Bg4 Kf7 35. Nd6+ Ke7 36. Nf5+ Kf6 37. hxg5+ hxg5 38. Nd6 Ke7 39. Nc8+ Kf7 40. Bh5+ Kf6 41. Nd6 Rd7 42. Ne4+ Kf5 43. f3 Rd1+ 44. Kh2 Nf4 45. Bg4+ Kg6 46. Rc8 Rc1 47. Nd6 Rc3 48. Bf5+ Kh6 49. Be1 Re3 50. Nf7+ Kh5 51. g4# 1-0